| 000 | 01028nam a2200253 i 4500 | ||
|---|---|---|---|
| 001 | 105479 | ||
| 003 | ES-MaACL | ||
| 005 | 20250915063048.0 | ||
| 007 | t| | ||
| 008 | 060719s1953 sp ||||1| spa d | ||
| 040 | _cES-MaACL | ||
| 080 | _a914.602.7 M."16" | ||
| 100 | 1 |
_aDeleito y Piñuela, José, _d1879-1957 _943365 _eaut |
|
| 245 | 1 | 0 |
_aSólo Madrid es corte : _b(la capital de dos mundos bajo Felipe IV) / _cpor José Deleito y Piñuela ; con prólogo del... Sr. D. Gabriel Maura Gamazo, Duque de Maura. |
| 260 |
_aMadrid : _bEspasa-Calpe, _c1953. |
||
| 300 |
_aXII, 263 páginas, [6] páginas de láminas ; _c22 cm. |
||
| 651 | 4 |
_aMadrid- _xDescripción- _yS.XVII _98956 |
|
| 700 | 1 |
_aMaura Gamazo, Gabriel, _cDuque de Maura, _d1879-1963 _979221 _eaui |
|
| 852 |
_aES-MaACL _jAND-279 _bR.109596 _cDEPO2 _9109449 _hDonación: Biblioteca Juan Andrade |
||
| 852 |
_aES-MaACL _jC-35947 _9109448 _cDEPO2 |
||
| 942 |
_cMONOGRAFIA _n0 |
||
| 999 |
_c105479 _d105479 |
||